1691 1584 1425 1996 1488 1920 1293 1937 1465 1325 1112 1551 1654 1854 1946 1756 1082 1781 1315 1009 1603 1325 1968 1269 1424 1605 1093 1193 1909 1771 1172 1491 1868 1762 1048 1987 1699 1548 1573 1100 1410 1533 1862 1250 1775 1625 1548 1201 1387 1598 1733 1086 1896 1098 1451 1465 1904 1364 1725 1536 1636 1446 1276 1599 1611 1098 1782 1776 1820 1144 1072 1131 1607 1741 1110 1831 1437 1930 1925 1377 1726 1880 1661 1183 1529 1751 1937 1577 1379 1875 1595 1235 1984 1746 1694 1444 1598 1927 1978 BCNSPRNW ULIB Ver.6.0+V

เปลี่ยนเป็นภาษาไทย

Change to English
 แสดงรายละเอียดบรรณานุกรม
  กลับหน้าหลัก

Brief Record : Get Marc (ISO 2709) : E-mail record : QR code < ปิดหน้าต่าง
LEADER : 00000nam 2200000uu 4500
001    13399123374
003     ULIB
008    140901s2530||||th 000 0 tha d
099    วจ WY85^bร271ก
100 0  ระจิตร์ นิคมรัฎ, สุจินต์ ยมศรีเดช, สุวลักษณ์ ตั้งประดิษฐ์ และอุษา ผูกเกษร
245 00 การศึกษาคุณลักษณะทางจริยธรรมของนักศึกษาวิทยาลัยพยาบาลสวรรค์ประชารักษ์ นครสวรรค์/^cระจิตร์ นิคมรัฎ, สุจินต์ ยมศรีเดช, สุวลักษณ์ ตั้งประดิษฐ์ และอุษา ผูกเกษร
260    นครสวรรค์ :^bวิทยาลัยพยาบาลสวรรค์ประชารักษ์ นครสวรรค์,^c2530
300    66 หน้า
650  0 จริยธรรมทางการการพยาบาล^xวิจัย
945    ^p0^l0^i009033
999    ^aเกษร โพธิ์สุวรรณ
รายการนี้ยังไม่มีแท็ก
คุณยังไม่ได้ล็อกอิน คุณสามารถมีกิจกรรมร่วมกับเว็บไซต์ได้ แต่ต้องล็อกอินก่อน ::
  ล็อกอิน

รายการสื่อสารสนเทศ

ลำดับที่ ประเภท เลขเรียก/บาร์โค้ด สถานที่ สถานะ
1. งานวิจัย
งานวิจัย
วจ WY85 ร271ก ฉ.1 
  Barcode: 009033
ห้องสมุดวิทยาเขตสวรรค์ประชารักษ์
►วิจัย
บนชั้น

BibComment


ยังไม่เคยถูกคอมเมนท์

คอมเมนท์ทรัพยากรรายการนี้
  คอมเมนท์: การศึกษาคุณลักษณะ..


 Copyright 2026. Bcnsprnw @Library